Koncert symfonického orchestra VŠMU

Bibliographic Details
Main Author: Beráts, Juraj (Author)
Format: Article
Language:Slovak
ISSN:1336-5983
Subjects:

MARC

LEADER 00000nab a2200000 ar4500
001 vtls010195086
003 SK-MaSNL
005 20260426063041.0
008 101207c2010 xo ||||||||||||00 b|slo
015 |a SNBRB2010/12  |2 snkbucl 
038 |a SNKBUCL 
040 |a SNKBUCL  |b slo  |c SNKBUCL  |e AACR2 
041 0 |a slo 
044 |a xo  |c SK 
080 |a 78.071.2:785.11:378  |x (437.6)  |2 2001 
100 1 |a Beráts, Juraj  |4 aut  |9 1241970 
245 1 0 |a Koncert symfonického orchestra VŠMU  |c Juraj Beráts 
610 2 7 |a Vysoká škola múzických umení v Bratislave.  |b Symfonický orchester  |2 snkbucl  |9 34958 
648 7 |a 17.3.2010  |2 snkbucl  |9 1038555 
650 0 7 |a koncerty  |2 snkbucl  |9 19182 
651 7 |a Bratislava (Slovensko)  |2 snkbucl  |9 14568 
655 7 |a hodnotiace články  |2 snkbucl  |9 1039294 
773 0 |t Tempo  |g Roč. 7, č. 1 (2010), s. 23  |x 1336-5983 
852 |a SNK  |b KIS3GCP 
958 |a SK 
999 |c 2552154  |d 2554084